| 000 | 00874nam a22003137a 4500 | ||
|---|---|---|---|
| 001 | BR9202010 | ||
| 003 | BR-BrBNA | ||
| 005 | 20230928095036.0 | ||
| 007 | ta | ||
| 008 | 230509b bl.||||| |||| 00| 0 por d | ||
| 040 |
_aBR-BrBNA _bpor _cBiblioteca Nacional de Agricultura |
||
| 041 | _a(Por) | ||
| 072 | _aF30; F01 | ||
| 090 | _ F30 BR9202010 | ||
| 110 | 1 |
_aUnidade de Execucao de Pesquisa de Ambito Territorial de Boa Vista, RR (Brasil) _910391 |
|
| 245 | 1 | _aRelatorio tecnico anual da Unidade de Execucao de Pesquisa de Ambito Territorial de Macapa - 1982 | |
| 260 | 3 |
_aMacapa, AP (Brasil): _c1984. |
|
| 300 | _a70 p. | ||
| 650 | _aArroz | ||
| 650 | _aFeijao | ||
| 650 | _aMilho | ||
| 650 | _aSoja | ||
| 650 | _aSorgo | ||
| 650 | _aPastagem | ||
| 650 | _aPesquisa Agricola | ||
| 650 | _aAmapa | ||
| 909 |
_a202309 _bLucia _c55 _dLucia Elande |
||
| 942 | _cBK | ||
| 999 |
_c54157 _d54157 |
||